[Event "Bad Pyrmont Pape op-B 2nd"]
[Site "Bad Pyrmont"]
[Date "2023.08.12"]
[Round "4"]
[White "Lueders Vega, Iago Ernst"]
[Black "Homann, Christoph"]
[Result "0-1"]
[WhiteElo "1321"]
[BlackElo "1577"]
[PlyCount "50"]
[EventDate "2023.08.10"]
[EventType "swiss"]
[EventCountry "GER"]
[SourceTitle "EXT 2024"]
[Source "ChessBase"]
[SourceDate "2023.10.10"]
[SourceVersion "1"]
[SourceVersionDate "2023.10.10"]
[SourceQuality "1"]

1. e4 d6 2. d4 Nf6 3. Nc3 Nbd7 4. Nf3 e5 5. dxe5 dxe5 6. Bc4 h6 7. Qe2 c6 8. a3 Qc7 9. Be3 Nc5 10. 0-0 Be7 11. Bxc5 Bxc5 12. b4 Bd6 13. b5 Bd7 14. Rfd1 0-0 15. bxc6 bxc6 16. a4 Rab8 17. Rab1 Bc5 18. h3 a5 19. Kh1 Rxb1 20. Rxb1 Nh5 21. Ba6 Nf4 22. Qc4 Bb4 23. Na2 Be6 24. Qf1 Bxa2 25. Ra1 Be6 0-1

[Event "GER Cup Net Final-C U1600"]
[Site "Playchess.com INT"]
[Date "2020.06.06"]
[Round "9"]
[White "Homann, Christoph"]
[Black "Badrinarayanan, Harini"]
[Result "1/2-1/2"]
[WhiteElo "1610"]
[BlackElo "1801"]
[PlyCount "46"]
[EventDate "2020.06.06"]
[EventType "swiss (blitz)"]
[EventRounds "13"]
[EventCountry "GER"]
[SourceTitle "CBM 197 Extra"]
[Source "ChessBase"]
[SourceDate "2020.09.30"]
[SourceVersion "1"]
[SourceVersionDate "2020.09.30"]
[SourceQuality "1"]

1. e4 d5 2. exd5 Nf6 3. d4 Bg4 4. Be2 Bxe2 5. Nxe2 Qxd5 6. 0-0 Nc6 7. Nbc3 Qh5 8. Ng3 Qxd1 9. Rxd1 0-0-0 10. Be3 e6 11. a3 h6 12. h3 a6 13. Nge4 Nxe4 14. Nxe4 f5 15. Nc3 g5 16. f3 Bg7 17. d5 exd5 18. Nxd5 Bxb2 19. Ra2 Bg7 20. c4 f4 21. Bf2 Rhe8 22. Rad2 h5 23. Bc5 Be5 1/2-1/2

[Event "GER Cup Net V4 U1600"]
[Site "Playchess.com INT"]
[Date "2020.05.31"]
[Round "7"]
[White "Espig, Nils"]
[Black "Homann, Christoph"]
[Result "1-0"]
[WhiteElo "1624"]
[BlackElo "1486"]
[PlyCount "39"]
[EventDate "2020.05.31"]
[EventType "swiss (blitz)"]
[EventRounds "9"]
[EventCountry "GER"]
[SourceTitle "EXT 2021"]
[Source "ChessBase"]
[SourceDate "2020.10.23"]
[SourceVersion "1"]
[SourceVersionDate "2020.10.23"]
[SourceQuality "1"]

1. e4 e5 2. Nf3 Nc6 3. Bc4 Bc5 4. b4 Bxb4 5. c3 Ba5 6. d4 exd4 7. 0-0 Bb6 8. cxd4 d6 9. Qb3 Na5 10. Bxf7+ Ke7 11. Bg5+ Nf6 12. Qd5 c6 13. Bxf6+ gxf6 14. Qh5 Be6 15. Bxe6 Kxe6 16. d5+ Kd7 17. Qf5+ Kc7 18. Nc3 Qe7 19. dxc6 Nxc6 20. Nd5+ 1-0

[Event "GER Cup Net V3 U1600"]
[Site "Playchess.com INT"]
[Date "2020.05.27"]
[Round "3"]
[White "Homann, Christoph"]
[Black "Birk, Wilfried Christoph"]
[Result "0-1"]
[WhiteElo "1531"]
[BlackElo "1351"]
[PlyCount "72"]
[EventDate "2020.05.27"]
[EventType "swiss (blitz)"]
[EventRounds "9"]
[EventCountry "GER"]
[SourceTitle "EXT 2021"]
[Source "ChessBase"]
[SourceDate "2020.10.23"]
[SourceVersion "1"]
[SourceVersionDate "2020.10.23"]
[SourceQuality "1"]

1. d4 d5 2. c4 e6 3. Nc3 Nf6 4. Bg5 Nbd7 5. e3 h6 6. Bh4 g5 7. Bg3 Bb4 8. a3 Bxc3+ 9. bxc3 Ne4 10. Qc2 h5 11. f3 Nxg3 12. hxg3 dxc4 13. Bxc4 Nb6 14. Bd3 Bd7 15. Ne2 Qe7 16. g4 h4 17. a4 a5 18. Bb5 Bxb5 19. axb5 Qd6 20. c4 Qb4+ 21. Kf2 Qxc4 22. Qb2 Qd3 23. d5 Rh6 24. dxe6 Rxe6 25. Ra3 Qd6 26. Rc3 Na4 27. Qc2 Nxc3 28. Qxc3 Qe5 29. Qd3 a4 30. Rd1 a3 31. Qd7+ Kf8 32. Qd3 a2 33. Nd4 a1Q 34. Rxa1 Qg3+ 35. Kf1 Rxa1+ 36. Ke2 Qxg2# 0-1

[Event "GER Cup Net V3 U1600"]
[Site "Playchess.com INT"]
[Date "2020.05.27"]
[Round "2"]
[White "Homann, Christoph"]
[Black "Hellmich, Michael"]
[Result "1/2-1/2"]
[WhiteElo "1540"]
[BlackElo "1351"]
[PlyCount "71"]
[EventDate "2020.05.27"]
[EventType "swiss (blitz)"]
[EventRounds "9"]
[EventCountry "GER"]
[SourceTitle "EXT 2021"]
[Source "ChessBase"]
[SourceDate "2020.10.23"]
[SourceVersion "1"]
[SourceVersionDate "2020.10.23"]
[SourceQuality "1"]

1. d4 d5 2. c4 e5 3. dxe5 d4 4. Nf3 Nc6 5. g3 Bb4+ 6. Bd2 Nge7 7. Bg2 Ng6 8. a3 Bxd2+ 9. Nbxd2 Ngxe5 10. Nxe5 Nxe5 11. Nf3 d3 12. exd3 Nxd3+ 13. Ke2 Nxb2 14. Qxd8+ Kxd8 15. Rac1 Re8+ 16. Kd2 Be6 17. Kc2 Nxc4 18. Kb1 Nxa3+ 19. Ka1 Kc8 20. Ng5 Nb5 21. Rb1 Bd7 22. Nxf7 Re2 23. Rhd1 c6 24. Rb2 Rxb2 25. Kxb2 Kc7 26. Ne5 Be6 27. f4 Rd8 28. Rxd8 Kxd8 29. Be4 g6 30. h4 Nd4 31. g4 Ne2 32. f5 gxf5 33. gxf5 Bd5 34. Bd3 Nf4 35. Bf1 Ke7 36. Ng4 1/2-1/2

[Event "GER Cup Net V3 U1600"]
[Site "Playchess.com INT"]
[Date "2020.05.27"]
[Round "7"]
[White "Homann, Christoph"]
[Black "Ruddat, Mathias"]
[Result "0-1"]
[WhiteElo "1542"]
[BlackElo "1510"]
[PlyCount "92"]
[EventDate "2020.05.27"]
[EventType "swiss (blitz)"]
[EventRounds "9"]
[EventCountry "GER"]
[SourceTitle "EXT 2021"]
[Source "ChessBase"]
[SourceDate "2020.10.23"]
[SourceVersion "1"]
[SourceVersionDate "2020.10.23"]
[SourceQuality "1"]

1. d4 Nf6 2. c4 e6 3. Nc3 d5 4. Bg5 dxc4 5. e4 Be7 6. Bxc4 Nxe4 7. Bxe7 Nxc3 8. bxc3 Qxe7 9. Nf3 b6 10. 0-0 Bb7 11. Ne5 0-0 12. Qh5 Nd7 13. Bd3 g6 14. Qh3 Nxe5 15. dxe5 Qc5 16. Be2 Qxe5 17. Bf3 Bxf3 18. Qxf3 c5 19. Rad1 Rad8 20. Qb7 Qb8 21. Qe4 Rxd1 22. Rxd1 Rd8 23. Rxd8+ Qxd8 24. g3 Qd5 25. Qe2 c4 26. a4 a6 27. Qe3 b5 28. axb5 axb5 29. h3 Qd3 30. Qe5 Qd5 31. Qe3 f6 32. h4 e5 33. h5 Kg7 34. hxg6 hxg6 35. Kf1 Qd3+ 36. Qe2 Qxe2+ 37. Kxe2 Kf7 38. Ke3 Ke6 39. f4 exf4+ 40. gxf4 Kd5 41. Kf3 g5 42. fxg5 fxg5 43. Kg4 Ke4 44. Kxg5 Kd3 45. Kf5 Kxc3 46. Ke4 b4 0-1

[Event "GER Cup Net V1 U1600"]
[Site "Playchess.com INT"]
[Date "2020.05.19"]
[Round "8"]
[White "Hausmann, Heiko"]
[Black "Homann, Christoph"]
[Result "1-0"]
[WhiteElo "1497"]
[BlackElo "1493"]
[PlyCount "131"]
[EventDate "2020.05.19"]
[EventType "swiss (blitz)"]
[EventRounds "9"]
[EventCountry "GER"]
[SourceTitle "EXT 2021"]
[Source "ChessBase"]
[SourceDate "2020.10.23"]
[SourceVersion "1"]
[SourceVersionDate "2020.10.23"]
[SourceQuality "1"]

1. e4 d6 2. Nf3 Nf6 3. d3 Nbd7 4. g3 e5 5. Bg2 h6 6. 0-0 c6 7. Nbd2 Qc7 8. c3 Be7 9. Qc2 Nf8 10. Re1 g5 11. Nf1 Ng6 12. h3 g4 13. hxg4 Bxg4 14. N1h2 Be6 15. d4 h5 16. dxe5 dxe5 17. Bg5 h4 18. Nxh4 Nxh4 19. Bxh4 0-0-0 20. Rad1 Rh5 21. Rxd8+ Qxd8 22. Rd1 Qh8 23. Nf3 Bg4 24. Qd3 Kb8 25. Qc4 Be6 26. Qe2 Bg4 27. Qc4 Be6 28. Qd3 Qh7 29. Rd2 Qh8 30. c4 Qh6 31. b3 Bb4 32. Rd1 Be7 33. Qc3 Bg4 34. Rd2 Nxe4 35. Qxe5+ Rxe5 36. Nxe5 Nxd2 37. Bxe7 Be6 38. Bd6+ Kc8 39. Nd3 Kd7 40. Bf4 Qg6 41. Ne5+ Ke7 42. Nxg6+ fxg6 43. Bxd2 b5 44. cxb5 cxb5 45. Be3 a5 46. Bc5+ Kf6 47. b4 axb4 48. Bxb4 Bxa2 49. Be4 g5 50. f3 Bc4 51. Kf2 Ke5 52. Ke3 Kf6 53. f4 gxf4+ 54. gxf4 Bf1 55. Bd3 Bh3 56. Bxb5 Bf5 57. Bc3+ Ke6 58. Bc4+ Ke7 59. Kd4 Bg6 60. Ke5 Bh5 61. f5 Be8 62. Bb4+ Kd8 63. f6 Bg6 64. Be7+ Ke8 65. Kd6 Bh7 66. Bb5+ 1-0

[Event "GER Cup Net V1 U1600"]
[Site "Playchess.com INT"]
[Date "2020.05.19"]
[Round "3"]
[White "Homann, Christoph"]
[Black "Badrinarayanan, Harini"]
[Result "1-0"]
[WhiteElo "1492"]
[BlackElo "1700"]
[PlyCount "97"]
[EventDate "2020.05.19"]
[EventType "swiss (blitz)"]
[EventRounds "9"]
[EventCountry "GER"]
[SourceTitle "EXT 2021"]
[Source "ChessBase"]
[SourceDate "2020.10.23"]
[SourceVersion "1"]
[SourceVersionDate "2020.10.23"]
[SourceQuality "1"]

1. d4 e5 2. dxe5 Nc6 3. Nf3 Qe7 4. Nc3 Nxe5 5. e4 Nxf3+ 6. Qxf3 Qf6 7. Qg3 d6 8. Bc4 Be6 9. Bb3 Bxb3 10. axb3 0-0-0 11. Bg5 Qg6 12. Bxd8 Qxg3 13. hxg3 Kxd8 14. Rxa7 Ne7 15. Rxb7 Kc8 16. Ra7 Kb8 17. Ra4 Kb7 18. Kd2 Nc6 19. Rha1 g6 20. Nd5 Bg7 21. c3 Re8 22. f3 h5 23. Nb4 Re5 24. Nxc6 Kxc6 25. Ra6+ Kd7 26. Ke3 f5 27. R6a4 Bh6+ 28. f4 Rb5 29. Rb4 Re5 30. Rba4 Rb5 31. R1a3 Re5 32. Rd4 c5 33. Rda4 Ke6 34. Kf3 fxe4+ 35. Rxe4 Rxe4 36. Kxe4 d5+ 37. Kf3 Bf8 38. Ra6+ Bd6 39. b4 cxb4 40. cxb4 Kd7 41. b5 Kc7 42. g4 h4 43. f5 gxf5 44. gxf5 Be5 45. f6 Bxb2 46. f7 Bg7 47. Ra8 Bh6 48. f8Q Bxf8 49. Rxf8 1-0

[Event "GER Cup Net V1 U1600"]
[Site "Playchess.com INT"]
[Date "2020.05.19"]
[Round "5"]
[White "Homann, Christoph"]
[Black "Schenk, Michael"]
[Result "1-0"]
[WhiteElo "1491"]
[BlackElo "1391"]
[PlyCount "49"]
[EventDate "2020.05.19"]
[EventType "swiss (blitz)"]
[EventRounds "9"]
[EventCountry "GER"]
[SourceTitle "EXT 2021"]
[Source "ChessBase"]
[SourceDate "2020.10.23"]
[SourceVersion "1"]
[SourceVersionDate "2020.10.23"]
[SourceQuality "1"]

1. d4 Nf6 2. c4 g6 3. Nc3 Bg7 4. e4 d6 5. Be2 0-0 6. Bg5 b6 7. Qd2 Bb7 8. d5 c5 9. Bh6 Nc6 10. dxc6 Bxc6 11. Bxg7 Kxg7 12. Nd5 Nxe4 13. Qf4 Bxd5 14. cxd5 f5 15. Nf3 h6 16. h4 Rh8 17. Bd3 e5 18. Qh2 Nf6 19. 0-0-0 Qe8 20. Rhe1 Qa4 21. Kb1 e4 22. Qxd6 exd3 23. Re7+ Kg8 24. Qe6+ Kf8 25. Qf7# 1-0

[Event "GER-ch Net Amateur Gr-B Vor3"]
[Site "Playchess.com INT"]
[Date "2020.04.16"]
[Round "5"]
[White "Dorendorf, Mika"]
[Black "Homann, Christoph"]
[Result "1/2-1/2"]
[WhiteElo "1620"]
[BlackElo "1423"]
[PlyCount "126"]
[EventDate "2020.04.16"]
[EventType "swiss (blitz)"]
[EventRounds "9"]
[EventCountry "GER"]
[SourceTitle "CBM 195 Extra"]
[Source "ChessBase"]
[SourceDate "2020.05.31"]
[SourceVersion "1"]
[SourceVersionDate "2020.05.31"]
[SourceQuality "1"]

1. e4 d5 2. exd5 Qxd5 3. Nc3 Qd6 4. Nf3 Nf6 5. d4 a6 6. Bc4 b5 7. Bb3 Bb7 8. 0-0 e6 9. Be3 Be7 10. Qd2 0-0 11. Rad1 Nbd7 12. d5 exd5 13. Nxd5 Nxd5 14. Bxd5 Bxd5 15. Qxd5 Nf6 16. Qxd6 Bxd6 17. Rd2 Ng4 18. Rfd1 Nxe3 19. fxe3 Rfe8 20. Kf2 Bc5 21. Rd3 h6 22. g3 Re7 23. Nd4 Rae8 24. R1d2 g6 25. c3 Kg7 26. b4 Bb6 27. Re2 c5 28. bxc5 Bxc5 29. Rb2 Ba3 30. Rb3 Bc5 31. Rb1 Ba7 32. Ra1 h5 33. a4 Bc5 34. axb5 axb5 35. Ra5 Bxd4 36. cxd4 Rb7 37. Rb3 b4 38. Ra4 Reb8 39. Ke2 Kf6 40. Kd3 Ke6 41. Kc4 Rc7+ 42. Kd3 Rcb7 43. Ra6+ Kf5 44. h3 h4 45. e4+ Kg5 46. Ra5+ Rb5 47. Rxb5+ Rxb5 48. g4 Kf4 49. Kc4 Rb8 50. Rxb4 Rxb4+ 51. Kxb4 Kxe4 52. Kc5 f5 53. gxf5 gxf5 54. d5 f4 55. d6 f3 56. d7 f2 57. d8Q f1Q 58. Qxh4+ Qf4 59. Qe7+ Qe5+ 60. Qxe5+ Kxe5 61. h4 Kf5 62. h5 Kg5 63. h6 Kxh6 1/2-1/2

[Event "GER-ch Net Amateur Gr-B Vor3"]
[Site "Playchess.com INT"]
[Date "2020.04.16"]
[Round "1"]
[White "Ebner, Bruno"]
[Black "Homann, Christoph"]
[Result "1-0"]
[WhiteElo "1645"]
[BlackElo "1423"]
[PlyCount "89"]
[EventDate "2020.04.16"]
[EventType "swiss (blitz)"]
[EventRounds "9"]
[EventCountry "GER"]
[SourceTitle "CBM 195 Extra"]
[Source "ChessBase"]
[SourceDate "2020.05.31"]
[SourceVersion "1"]
[SourceVersionDate "2020.05.31"]
[SourceQuality "1"]

1. d4 Nf6 2. c4 g6 3. Nc3 d5 4. Bf4 Bg7 5. Nf3 0-0 6. e3 c6 7. cxd5 cxd5 8. Be2 Nc6 9. Rc1 Bf5 10. 0-0 Rc8 11. Qb3 Qb6 12. Nxd5 Qxb3 13. Nxf6+ Bxf6 14. axb3 Na5 15. b4 Nc6 16. Bh6 Rfd8 17. b5 Nb4 18. Rfd1 Be4 19. Ng5 Bd5 20. Bg4 e6 21. e4 Bb3 22. Rxc8 Rxc8 23. Re1 Bxd4 24. h3 Nd3 25. Ra1 Bxf2+ 26. Kh2 a6 27. bxa6 bxa6 28. Rxa6 Bc4 29. Rd6 Nxb2 30. Rd7 e5 31. Rb7 Be6 32. Bxe6 fxe6 33. Rxb2 Bh4 34. Rb7 Bxg5 35. Bxg5 Rc4 36. Bf6 Rxe4 37. Rg7+ Kf8 38. Rxh7 Rf4 39. Bxe5 Rf5 40. Bg3 Ra5 41. Bd6+ Ke8 42. Re7+ Kd8 43. Rxe6 Ra6 44. Be7+ Kd7 45. Rxa6 1-0

[Event "GER-ch Net Amateur Gr-B Vor3"]
[Site "Playchess.com INT"]
[Date "2020.04.16"]
[Round "4"]
[White "Homann, Christoph"]
[Black "Ullrich, Jan"]
[Result "0-1"]
[WhiteElo "1423"]
[BlackElo "1567"]
[PlyCount "102"]
[EventDate "2020.04.16"]
[EventType "swiss (blitz)"]
[EventRounds "9"]
[EventCountry "GER"]
[SourceTitle "CBM 195 Extra"]
[Source "ChessBase"]
[SourceDate "2020.05.31"]
[SourceVersion "1"]
[SourceVersionDate "2020.05.31"]
[SourceQuality "1"]

1. d4 g6 2. c4 d5 3. Nc3 c6 4. Nf3 Bg7 5. cxd5 cxd5 6. e3 Nc6 7. Bd3 e6 8. 0-0 Nge7 9. Qc2 0-0 10. a3 Bd7 11. Rd1 a6 12. b4 Rc8 13. Bb2 b5 14. Qe2 Rc7 15. Rac1 Nc8 16. h3 Nb6 17. Nd2 Nc4 18. Nxc4 bxc4 19. Bb1 Na7 20. e4 Bc6 21. e5 Nb5 22. a4 Nxc3 23. Rxc3 Bxa4 24. Bc2 Bxc2 25. Qxc2 Rb7 26. Qa4 Qb6 27. Ba3 Ra8 28. Qa5 Bf8 29. Qxb6 Rxb6 30. Rb1 a5 31. b5 Rab8 32. Bxf8 Kxf8 33. Ra3 Rxb5 34. Rxb5 Rxb5 35. Kf1 Ke7 36. Ke2 f6 37. f4 f5 38. Kd2 Kd7 39. Kc3 Kc6 40. Ra1 Kb6 41. Ra4 Rb3+ 42. Kc2 Kb5 43. Ra1 a4 44. Rb1 Rxb1 45. Kxb1 Kb4 46. Kb2 a3+ 47. Ka2 c3 48. Kb1 Kb3 49. g4 a2+ 50. Ka1 c2 51. gxf5 c1Q# 0-1

[Event "GER-ch Net Amateur Gr-B Vor2"]
[Site "Playchess.com INT"]
[Date "2020.04.15"]
[Round "6"]
[White "Homann, Christoph"]
[Black "Ebner, Hermann"]
[Result "0-1"]
[WhiteElo "1426"]
[BlackElo "1371"]
[PlyCount "116"]
[EventDate "2020.04.15"]
[EventType "swiss (blitz)"]
[EventRounds "9"]
[EventCountry "GER"]
[SourceTitle "CBM 196 Extra"]
[Source "ChessBase"]
[SourceDate "2020.07.31"]
[SourceVersion "1"]
[SourceVersionDate "2020.07.31"]
[SourceQuality "1"]

1. d4 c6 2. c4 d5 3. Nf3 Nf6 4. Nc3 Bf5 5. Bf4 e6 6. e3 Bd6 7. Bg3 0-0 8. Bd3 Bxd3 9. Qxd3 Qc7 10. cxd5 exd5 11. Rc1 Qe7 12. a3 Re8 13. b4 Nbd7 14. Bxd6 Qxd6 15. 0-0 Ne4 16. Nd2 Ndf6 17. f3 Nxc3 18. Rxc3 Re7 19. Rfc1 Rae8 20. Nb3 Rxe3 21. Qxe3 Rxe3 22. Rxe3 Qf4 23. Rce1 h6 24. g3 Qg5 25. Kf2 Qg6 26. Nc5 b6 27. Nd3 h5 28. Ne5 Qh6 29. Nxc6 h4 30. Ne7+ Kf8 31. Nf5 Qg5 32. Nxh4 g6 33. Ng2 Qf5 34. Nf4 g5 35. Nd3 Ng4+ 36. Kg2 Nxe3+ 37. Rxe3 Kg7 38. Nf2 Qc2 39. Re7 a5 40. bxa5 bxa5 41. Rd7 Qc6 42. Ra7 Qb6 43. Rd7 Qxd4 44. Re7 Qb2 45. a4 Qb4 46. Rd7 d4 47. Rd5 Qxa4 48. Rxg5+ Kf8 49. Kh3 Qc2 50. Ne4 d3 51. Rd5 Qe2 52. Rxa5 Qxf3 53. Nd2 Qe2 54. Ra2 Qe3 55. Nf1 Qe1 56. Rd2 Qxf1+ 57. Kh4 Qe2 58. Rxd3 Qxd3 0-1

[Event "GER-ch Net Amateur Gr-B Vor2"]
[Site "Playchess.com INT"]
[Date "2020.04.15"]
[Round "5"]
[White "Plattner, Rolf"]
[Black "Homann, Christoph"]
[Result "1-0"]
[WhiteElo "1461"]
[BlackElo "1426"]
[PlyCount "143"]
[EventDate "2020.04.15"]
[EventType "swiss (blitz)"]
[EventRounds "9"]
[EventCountry "GER"]
[SourceTitle "CBM 196 Extra"]
[Source "ChessBase"]
[SourceDate "2020.07.31"]
[SourceVersion "1"]
[SourceVersionDate "2020.07.31"]
[SourceQuality "1"]

1. e4 d6 2. d4 Nf6 3. Nc3 Nbd7 4. Nf3 e5 5. d5 h6 6. Bb5 a6 7. Be2 c6 8. dxc6 bxc6 9. 0-0 Qc7 10. h3 Be7 11. Re1 Nf8 12. Be3 g5 13. Nh2 Ng6 14. Qd2 Nf4 15. Bf1 Be6 16. g3 Nxh3+ 17. Kh1 g4 18. Rad1 h5 19. f4 exf4 20. gxf4 g3 21. Nf3 Bg4 22. Kg2 h4 23. e5 Nd5 24. Nxd5 cxd5 25. Qxd5 Qxc2+ 26. Rd2 Qf5 27. Qxa8+ Bd8 28. exd6 Bxf3+ 29. Kxf3 Ng5+ 30. Ke2 Qg4+ 31. Kd3 Qf5+ 32. Kc3 Ne4+ 33. Kb3 Nxd2+ 34. Bxd2+ Kf8 35. Qxd8+ Kg7 36. Qg5+ Qxg5 37. fxg5 Kg6 38. Bc3 Rb8+ 39. Kc2 Kxg5 40. Bh3 Rc8 41. Kd1 Rc4 42. Bd2+ Kg6 43. d7 Kf6 44. Rf1+ Ke7 45. d8Q+ Kxd8 46. Rxf7 Rd4 47. Rf8+ Ke7 48. Rf4 Rd5 49. Rxh4 Rg5 50. Rg4 Rd5 51. Rxg3 Kd6 52. Ra3 a5 53. Rxa5 Rd4 54. Ra3 Rh4 55. Bf1 Rh1 56. Ke1 Rh4 57. Rc3 Re4+ 58. Kd1 Kd5 59. Rd3+ Ke5 60. Bc3+ Kf5 61. Rd2 Rh4 62. Bd3+ Ke6 63. Kc2 Kd5 64. Be2+ Kc5 65. b4+ Kb6 66. a4 Rh7 67. a5+ Ka7 68. b5 Rc7 69. Rd6 Rc5 70. b6+ Kb7 71. Bf3+ Kb8 72. a6 1-0

[Event "Niedersachsen-ch op B"]
[Site "Verden"]
[Date "2019.01.05"]
[Round "6"]
[White "Goes, Carsten"]
[Black "Homann, Christoph"]
[Result "1-0"]
[WhiteElo "1695"]
[BlackElo "1608"]
[PlyCount "71"]
[EventDate "2019.01.03"]
[EventType "swiss"]
[EventRounds "7"]
[EventCountry "GER"]
[SourceTitle "EXT 2022"]
[Source "ChessBase"]
[SourceDate "2021.10.06"]
[SourceVersion "1"]
[SourceVersionDate "2021.10.06"]
[SourceQuality "1"]

1. e4 Nf6 2. e5 Nd5 3. d4 d6 4. c4 Nb6 5. exd6 cxd6 6. Nc3 g6 7. h3 Bg7 8. Nf3 Nc6 9. Be3 Bf5 10. Bd3 Bxd3 11. Qxd3 Rc8 12. b3 0-0 13. 0-0 Re8 14. Rad1 e6 15. a3 a5 16. d5 Ne7 17. dxe6 fxe6 18. Nd4 Nf5 19. Nxf5 exf5 20. Nd5 Nd7 21. Nf4 Nc5 22. Qd5+ Kh8 23. b4 axb4 24. axb4 Re5 25. Qxd6 Qxd6 26. Rxd6 Ne4 27. Rd7 Nf6 28. Rxb7 Rxc4 29. Rb8+ Ne8 30. Rd1 Ree4 31. Rdd8 Be5 32. Rxe8+ Kg7 33. Ne6+ Kf7 34. Ng5+ Kf6 35. Nxe4+ fxe4 36. Rb6+ 1-0

[Event "Niedersachsen-ch op B"]
[Site "Verden"]
[Date "2019.01.04"]
[Round "4"]
[White "Evering, Enna"]
[Black "Homann, Christoph"]
[Result "1/2-1/2"]
[WhiteElo "1566"]
[BlackElo "1608"]
[PlyCount "40"]
[EventDate "2019.01.03"]
[EventType "swiss"]
[EventRounds "7"]
[EventCountry "GER"]
[SourceTitle "EXT 2022"]
[Source "ChessBase"]
[SourceDate "2021.10.06"]
[SourceVersion "1"]
[SourceVersionDate "2021.10.06"]
[SourceQuality "1"]

1. e4 Nf6 2. Nc3 d5 3. e5 Ne4 4. Nxe4 dxe4 5. f3 e6 6. d3 exd3 7. Bxd3 Nc6 8. Bf4 Bc5 9. Bg3 Bxg1 10. Rxg1 Qd4 11. Kf1 Qxb2 12. f4 0-0 13. Ke2 Nd4+ 14. Kf2 Rd8 15. Re1 Nf5 16. Kg1 Qd4+ 17. Bf2 Qd7 18. Bxf5 exf5 19. Qxd7 Bxd7 20. Rad1 Be6 1/2-1/2

[Event "Niedersachsen-ch op B"]
[Site "Verden"]
[Date "2018.01.05"]
[Round "3"]
[White "Homann, Christoph"]
[Black "Rausch, Darius"]
[Result "0-1"]
[WhiteElo "1516"]
[BlackElo "1651"]
[PlyCount "70"]
[EventDate "2018.01.04"]
[EventType "swiss"]
[EventRounds "7"]
[EventCountry "GER"]
[SourceTitle "EXT 2022"]
[Source "ChessBase"]
[SourceDate "2021.10.06"]
[SourceVersion "1"]
[SourceVersionDate "2021.10.06"]
[SourceQuality "1"]

1. d4 Nf6 2. c4 g6 3. Nc3 Bg7 4. e4 d6 5. Be2 0-0 6. Bg5 c5 7. dxc5 Qa5 8. Bd2 dxc5 9. Nf3 Nc6 10. 0-0 Qc7 11. h3 Rd8 12. Qc1 Ne5 13. Nxe5 Qxe5 14. Bf4 Qe6 15. Qc2 a6 16. a3 Bd7 17. f3 Nh5 18. Bh2 Bc6 19. Nd5 Bxd5 20. cxd5 Qb6 21. Kh1 Bd4 22. Rab1 Qf6 23. b4 cxb4 24. Rxb4 b5 25. Rb3 Rdc8 26. Qd2 Rc5 27. Rd1 Bc3 28. Qe3 Rac8 29. e5 Qh4 30. f4 Ba5 31. Bg4 Rc3 32. Rxc3 Rxc3 33. Rd3 Rxd3 34. Qxd3 Qe1+ 35. Bg1 Bb6 0-1

[Event "Niedersachsen-ch op B"]
[Site "Verden"]
[Date "2018.01.04"]
[Round "2"]
[White "Homann, Christoph"]
[Black "Schmidt, Paul2222"]
[Result "1-0"]
[WhiteElo "1516"]
[BlackElo "1611"]
[PlyCount "59"]
[EventDate "2018.01.04"]
[EventType "swiss"]
[EventRounds "7"]
[EventCountry "GER"]
[SourceTitle "EXT 2022"]
[Source "ChessBase"]
[SourceDate "2021.10.06"]
[SourceVersion "1"]
[SourceVersionDate "2021.10.06"]
[SourceQuality "1"]

1. d4 d5 2. c4 e6 3. Nc3 f5 4. Nf3 Nf6 5. Bf4 c6 6. cxd5 exd5 7. e3 Ne4 8. Bd3 Nd7 9. 0-0 Be7 10. Rc1 Bf6 11. b4 0-0 12. b5 g5 13. Bg3 Qe7 14. bxc6 bxc6 15. Na4 Bb7 16. Bc7 Rac8 17. Ba5 Rf7 18. Qb3 Nf8 19. Bb4 Qc7 20. Nc5 Bd8 21. Ne5 Nxc5 22. Bxc5 Rf6 23. Bxa7 Be7 24. Rb1 Ba8 25. Bb6 Qb8 26. Ba6 Re8 27. Rfc1 Bd6 28. f4 gxf4 29. exf4 Ng6 30. Nd7 1-0

[Event "Niedersachsen-ch op B"]
[Site "Verden"]
[Date "2018.01.04"]
[Round "1"]
[White "Moeller, Jonas"]
[Black "Homann, Christoph"]
[Result "1-0"]
[WhiteElo "1688"]
[BlackElo "1516"]
[PlyCount "45"]
[EventDate "2018.01.04"]
[EventType "swiss"]
[EventRounds "7"]
[EventCountry "GER"]
[SourceTitle "EXT 2022"]
[Source "ChessBase"]
[SourceDate "2021.10.06"]
[SourceVersion "1"]
[SourceVersionDate "2021.10.06"]
[SourceQuality "1"]

1. e4 Nf6 2. e5 Nd5 3. d4 d6 4. c4 Nb6 5. f4 dxe5 6. fxe5 Nc6 7. Be3 Bf5 8. Nf3 e6 9. a3 a5 10. b3 Bg4 11. Nbd2 Be7 12. Be2 Nd7 13. 0-0 f6 14. exf6 Nxf6 15. Kh1 0-0 16. Ng5 Bxe2 17. Qxe2 Qd7 18. Bg1 e5 19. dxe5 Ng4 20. e6 Nd4 21. Qxg4 Nxe6 22. Qxe6+ Qxe6 23. Nxe6 1-0